Kỹ thuật canh tác cây ăn trái: Cây cam quýt

Nội dung sách giới thiệu về nguồn gốc, đặc điểm thực vật học, yêu cầu điều kiện ngoại cảnh, giống và kỹ thuật nhân giống, kỹ thuật trồng trọt, chăm sóc, phòng trừ sâu bệnh,... của cây cam quýt....

Cijeli opis

Spremljeno u:
Bibliografski detalji
Glavni autor: Nguyễn, Danh Vàn
Format: Knjiga
Jezik:Undetermined
Izdano: Thành phố Hồ Chí Minh Tổng hợp Thành phố Hồ Chí Minh 2008
Teme:
Oznake: Dodaj oznaku
Bez oznaka, Budi prvi tko označuje ovaj zapis!
Thư viện lưu trữ: Trung tâm Học liệu Trường Đại học Cần Thơ
LEADER 00991nam a2200229Ia 4500
001 CTU_154834
008 210402s9999 xx 000 0 und d
020 |c 33500 
082 |a 634.31 
082 |b V105/Q.2 
100 |a Nguyễn, Danh Vàn 
245 0 |a Kỹ thuật canh tác cây ăn trái: 
245 0 |b Cây cam quýt 
245 0 |c Nguyễn Danh Vàn 
260 |a Thành phố Hồ Chí Minh 
260 |b Tổng hợp Thành phố Hồ Chí Minh 
260 |c 2008 
520 |a Nội dung sách giới thiệu về nguồn gốc, đặc điểm thực vật học, yêu cầu điều kiện ngoại cảnh, giống và kỹ thuật nhân giống, kỹ thuật trồng trọt, chăm sóc, phòng trừ sâu bệnh,... của cây cam quýt. 
650 |a Orange,Mandarin orange 
904 |i Giang 
910 |a Ngô Hồng Xuân 
980 |a Trung tâm Học liệu Trường Đại học Cần Thơ